La libertad en la carta a los gálatas (Record no. 117201)

MARC details
000 -LEADER
campo de control de longitud fija 00730nam a2200205 4500
001 - NÚMERO DE CONTROL
campo de control 117201
003 - IDENTIFICADOR DE NÚMERO DE CONTROL
campo de control ES-MaACL
005 - FECHA Y HORA DE LA ÚLTIMA TRANSACCIÓN
campo de control 20250902041718.0
007 - CAMPO FIJO DE DESCRIPCIÓN FÍSICA--INFORMACIÓN GENERAL
campo de control de longitud fija t|
008 - DATOS DE LONGITUD FIJA--INFORMACIÓN GENERAL
campo de control de longitud fija 070301s1977 sp r ||||1| spa d
100 1# - ENTRADA PRINCIPAL--NOMBRE DE PERSONA
Nombre de persona Pastor Ramos, Federico.
9 (RLIN) 89520
245 13 - MENCIÓN DEL TÍTULO
Título La libertad en la carta a los gálatas
Resto del título : estudio exegético-teológico /
Mención de responsabilidad, etc. Federico Pastor Ramos.
260 ## - PUBLICACIÓN, DISTRIBUCIÓN, ETC.
Lugar de publicación, distribución, etc. Madrid :
Nombre del editor, distribuidor, etc. Espasa,
Fecha de publicación, distribución, etc. 1977.
300 ## - DESCRIPCIÓN FÍSICA
Extensión 343 p. ;
Dimensiones 24 cm.
490 1# - MENCIÓN DE SERIE
Mención de serie Publicaciones de la Universidad Pontificia de Comillas. Serie I. Estudios
830 00 - PUNTO DE ACCESO ADICIONAL DE SERIE-TÍTULO UNIFORME
Título uniforme Publicaciones de la Universidad Pontificia Comillas
9 (RLIN) 176621
852 ## - LOCALIZACIÓN
Ubicación ES-MaACL
Número de control de estantería A-7065
Sublocalización o colección R.96070
852 ## - LOCALIZACIÓN
Ubicación ES-MaACL
Número de control de estantería A-7064
Sublocalización o colección R.96260
Holdings
Estatus retirado Estado de pérdida Estado de daño No para préstamo Biblioteca de origen Biblioteca actual Ubicación en estantería Fecha de adquisición Fuente de adquisición Total de préstamos Signatura topográfica completa Código de barras Visto por última vez Precio de reemplazo Tipo de ítem Koha
        Biblioteca del Ateneo de Madrid Biblioteca del Ateneo de Madrid Sala Pecera Planta 1 17/01/2008     A-7064 1122193 23/02/2023 23/02/2023 Libro impreso
        Biblioteca del Ateneo de Madrid Biblioteca del Ateneo de Madrid Sala Pecera Planta 1 17/01/2008     A-7065 1122192 23/02/2023 23/02/2023 Libro impreso